00599 2200181 4500001002100000005001500021035002000036007000300056008003900059082000800098084001400106245013000120260003700250300003900287650003500326110004200361022001400403INLIS00000000000475220260701070807 a0010-0726000001ta260701 | | |  a332 a332 DEP s1 aStatistik Ekonomi Keuangan Daerah Provinsi Kalimantan Utara Vol. 10 No. 3 Maret 2026 /cDepartemen Statistik - Bank Indonesia aTarakan :bBank Indonesia,c2026 aix; 138 Hal :bTeks; Tabel ;c30cm 4aEkonomi Keuangan dan Finansial0 aDepartemen Statistik - Bank Indonesia a2598-8972